| 000 | 004300000a22001810004500 | ||
|---|---|---|---|
| 003 | MACL | ||
| 005 | 20151016123138.0 | ||
| 008 | 151016b xxu||||| |||| 00| 0 eng d | ||
| 040 |
_aMACL _cMACL |
||
| 041 | _aEnglish | ||
| 082 | _a920 | ||
| 100 |
_aKarnik, V B _914395 |
||
| 245 |
_aM N Roy _bPolitical Biography |
||
| 260 |
_bNav Jagrti Samaj _c1978 _aPune |
||
| 350 | _a124 | ||
| 650 |
_aBiography _915248 |
||
| 942 |
_cBK _k920 _2ddc |
||
| 999 |
_c6975 _d6975 |
||